Alle Minderheiten Taiwans - Statistiken

Allgemein
  • Dieses Quiz wurde 48 mal gespielt
  • Das Durchschnittsergebnis liegt bei 17 aus 21
Antwortstatistiken
Bevölkerung Land % Korrekt
13,768 Japan
100%
9,979 USA
97%
965 Deutschland
95%
4,481 Südkorea
95%
3,748 Indien
92%
255,770 Indonesien
92%
224,108 Vietnam
92%
489 Italien
87%
838 Russland
87%
152,179 Thailand
87%
1,553 Frankreich
85%
2,167 Kanada
85%
152,179 Philippinen
85%
390 Spanien
85%
838 Australien
82%
20,549 Malaysia
82%
2,097 Vereinigtes Königreich
77%
1,456 Singapur
74%
1,126 Mongolei
67%
1,671 Myanmar
67%
1,207 Südafrika
21%
Keine übereinstimmenden Quizze gefunden
Verteilung der Resultate
Anzahl Personen mit jedem Resultat
Perzentil nach korrekt beantworteten Fragen
Ihre Resultats-Entwicklung
Sie haben dieses Quiz noch nicht gespielt